000 00550nam a2200193Ia 4500
008 151121s9999||||xx |||||||||||||| ||und||
082 _a294।64/
082 _bHNW-70921
100 _aPublisher
245 4 _aThe Compete Works Of Swami Vivekananda - Vol - III
260 _b"Advaita Ashram, Colcutta।"
260 _c--
300 _a461
600 _aPublisher
630 _aThe Compete Works Of Swami Vivekananda - Vol - III
700 _aPublisher
730 _aThe Compete Works Of Swami Vivekananda - Vol - III
942 _cBOOK
999 _c1252392
_d1252389